Shakespeare and the culture of paradox (Record no. 6420)
[ view plain ]
| 000 -LEADER | |
|---|---|
| fixed length control field | 01539nam a2200361Ia 4500 |
| 001 - CONTROL NUMBER | |
| control field | ebr10273837 |
| 003 - CONTROL NUMBER IDENTIFIER | |
| control field | CaPaEBR |
| 006 - FIXED-LENGTH DATA ELEMENTS--ADDITIONAL MATERIAL CHARACTERISTICS--GENERAL INFORMATION | |
| fixed length control field | m u |
| 007 - PHYSICAL DESCRIPTION FIXED FIELD--GENERAL INFORMATION | |
| fixed length control field | cr cn||||||||| |
| 008 - FIXED-LENGTH DATA ELEMENTS--GENERAL INFORMATION | |
| fixed length control field | 081104s2009 enk sb 001 0 eng d |
| 010 ## - LIBRARY OF CONGRESS CONTROL NUMBER | |
| Canceled/invalid LC control number | 2008047414 |
| 020 ## - INTERNATIONAL STANDARD BOOK NUMBER | |
| Cancelled/invalid ISBN | 9780754665519 (alk. paper) |
| Cancelled/invalid ISBN | 0754665518 (alk. paper) |
| 040 ## - CATALOGING SOURCE | |
| Original cataloging agency | CaPaEBR |
| Transcribing agency | CaPaEBR |
| 035 ## - SYSTEM CONTROL NUMBER | |
| System control number | (OCoLC)646793710 |
| 050 14 - LIBRARY OF CONGRESS CALL NUMBER | |
| Classification number | PR3001 |
| Item number | .P63 2009eb |
| 100 1# - MAIN ENTRY--PERSONAL NAME | |
| Personal name | Platt, Peter G., |
| Dates associated with a name | 1961- |
| 245 10 - TITLE STATEMENT | |
| Title | Shakespeare and the culture of paradox |
| Medium | [electronic resource] / |
| Statement of responsibility, etc | Peter G. Platt. |
| 260 ## - PUBLICATION, DISTRIBUTION, ETC. (IMPRINT) | |
| Place of publication, distribution, etc | Farnham, England ; |
| -- | Burlington, VT : |
| Name of publisher, distributor, etc | Ashgate, |
| Date of publication, distribution, etc | c2009. |
| 300 ## - PHYSICAL DESCRIPTION | |
| Extent | ix, 251 p. |
| 490 1# - SERIES STATEMENT | |
| Series statement | Studies in performance and early modern drama |
| 504 ## - BIBLIOGRAPHY, ETC. NOTE | |
| Bibliography, etc | Includes bibliographical references (p. [207]-237) and index. |
| 533 ## - REPRODUCTION NOTE | |
| Type of reproduction | Electronic reproduction. |
| Place of reproduction | Palo Alto, Calif. : |
| Agency responsible for reproduction | ebrary, |
| Date of reproduction | 2011. |
| Note about reproduction | Available via World Wide Web. |
| -- | Access may be limited to ebrary affiliated libraries. |
| 600 10 - SUBJECT ADDED ENTRY--PERSONAL NAME | |
| Personal name | Shakespeare, William, |
| Dates associated with a name | 1564-1616 |
| General subdivision | Criticism and interpretation. |
| Personal name | Shakespeare, William, |
| Dates associated with a name | 1564-1616 |
| General subdivision | Philosophy. |
| Personal name | Shakespeare, William, |
| Dates associated with a name | 1564-1616 |
| General subdivision | Knowledge |
| -- | Contributions in logic. |
| 650 #0 - SUBJECT ADDED ENTRY--TOPICAL TERM | |
| Topical term or geographic name as entry element | Paradox in literature. |
| Topical term or geographic name as entry element | Perspective (Philosophy) |
| 655 #7 - INDEX TERM--GENRE/FORM | |
| Genre/form data or focus term | Electronic books. |
| Source of term | local |
| 710 2# - ADDED ENTRY--CORPORATE NAME | |
| Corporate name or jurisdiction name as entry element | ebrary, Inc. |
| 830 #0 - SERIES ADDED ENTRY--UNIFORM TITLE | |
| Uniform title | Studies in performance and early modern drama. |
| 856 40 - ELECTRONIC LOCATION AND ACCESS | |
| Uniform Resource Identifier | <a href="http://site.ebrary.com/lib/rucke/Doc?id=10273837">http://site.ebrary.com/lib/rucke/Doc?id=10273837</a> |
| Public note | An electronic book accessible through the World Wide Web; click to view |
No items available.
